Statistiques concernant Disney paroles - Hakuna Matata (Le Roi Lion)

Cliquez ici pour prendre le quiz!

Statistiques générales

  • Ce quiz a été pris 2 381 fois
    (2 295 depuis la dernière actualisation)
  • Le résultat moyen est 116 sur 147

Statistiques - réponses

Réponse% Correct
Hakuna
100%
Hakuna.
100%
Matata,
100%
Matata !
100%
Matata
100%
Matata.
100%
que
99%
Ce
98%
au
97%
sans
97%
Sans
97%
vie.
97%
vie,
97%
aucun
96%
Quel
96%
quel
96%
souci,
96%
ta
96%
tu
96%
fantastique.
94%
fantastique !
94%
Philosophie.
94%
philosophie,
94%
magnifique !
93%
magnifique.
93%
vivras
93%
mais
92%
Mais
92%
mots
92%
phrase
92%
quelle
92%
Ces
91%
chant
88%
signifient
87%
de
74%
Un
73%
un
73%
Je
72%
je...
72%
les
69%
la
67%
phacochère.
67%
et
64%
son
64%
il
63%
jeune
62%
jour,
62%
odeur
62%
sentir
61%
sentir !
61%
pas
60%
Pumba,
60%
très
60%
J'étais
58%
quand
58%
vous
58%
mon
57%
qui
57%
enfants...
56%
lieu
56%
devant
55%
fleur
55%
horreur,
55%
personne
55%
peut
55%
plus
55%
une
55%
chaque
54%
fois
54%
Bel
53%
âme.
52%
cochon
52%
comprit
52%
Disgrâce
52%
Merci !
51%
Non
51%
poète
51%
infame
50%
organe.
50%
dans
49%
tempête
49%
coeurs.
48%
martyr
48%
innonde
47%
tout
47%
sommeille.
46%
déclenche
45%
Pardon !
43%
soulevait
43%
Oh !
42%
petit !
41%
y'a
40%
chante
37%
Ouai
31%

Distribution des résultats

Percentile par nombre de réponses

% des personnes avec chaque résultat

Votre développement - résultats

Vous n’avez pas pris ce quiz depuis la dernière actualisation